"Алмазный" регион стремится стать нефтяным; Нефть России; № 10

Detaylı Bibliyografya
Parent link:Нефть России: аналитический журнал.— , 1996, 1999-2012
№ 10.— 2003.— С. 26-27
Yazar: Панов А.
Dil:Rusça
Baskı/Yayın Bilgisi: 2003
Seri Bilgileri:Регион
Konular:
Materyal Türü: Kitap Bölümü
KOHA link:https://koha.lib.tpu.ru/cgi-bin/koha/opac-detail.pl?biblionumber=388769

MARC

LEADER 00000naa2a2200000 4500
001 388769
005 20231101063804.0
035 |a (RuTPU)RU\TPU\prd\20265 
090 |a 388769 
100 |a 20031205a2003 k y0rusy50 ca 
101 0 |a rus 
102 |a RU 
200 1 |a "Алмазный" регион стремится стать нефтяным  |f А. Панов 
225 1 |a Регион 
461 1 |0 (RuTPU)RU\TPU\prd\1610  |t Нефть России  |o аналитический журнал  |d 1996, 1999-2012 
463 1 |0 (RuTPU)RU\TPU\prd\19230  |t № 10  |v С. 26-27  |d 2003 
610 1 |a Якутия 
610 1 |a нефтегазовое дело 
610 1 |a углеводородное сырье 
610 1 |a внешнее рынки 
610 1 |a топливно-энергетический комплекс 
610 1 |a алмазодобывающая промышленность 
610 1 |a приоритеты 
700 1 |a Панов  |b А. 
801 1 |a RU  |b 63413507  |c 20031205  |g PSBO 
801 2 |a RU  |b 63413507  |c 20130802  |g RCR 
942 |c BK